[Event "Catalunya-chT Gp1"]
[Site "Barcelona"]
[Date "2023.01.28"]
[Round "2.2"]
[White "Fluvia Poyatos, Joan"]
[Black "Peralta, Fernando"]
[Result "0-1"]
[WhiteElo "2463"]
[BlackElo "2596"]
[PlyCount "76"]
[EventDate "2023.01.21"]
[EventType "team-tourn"]
[EventRounds "7"]
[EventCountry "ESP"]
[SourceTitle "CBM 213 Extra"]
[Source "ChessBase"]
[SourceDate "2023.05.31"]
[SourceVersion "1"]
[SourceVersionDate "2023.05.31"]
[SourceQuality "1"]
[WhiteTeam "Badalona Cor de Marina"]
[BlackTeam "Valls"]
[WhiteTeamCountry "ESP"]
[BlackTeamCountry "ESP"]

1. c4 e6 2. Nf3 Nf6 3. g3 d5 4. Bg2 Be7 5. 0-0 0-0 6. d4 c6 7. b3 Nbd7 8. Ba3 b6 9. Bxe7 Qxe7 10. Nbd2 Bb7 11. Qc1 Rac8 12. Qb2 c5 13. e3 dxc4 14. Nxc4 b5 15. Na5 Ba8 16. a4 b4 17. Nd2 Bxg2 18. Kxg2 Nd5 19. Rac1 Nc3 20. Nb1 cxd4 21. exd4 Qg5 22. Nc4 Qd5+ 23. f3 Nxa4 24. Qa1 Ndb6 25. Ncd2 Nc3 26. Nxc3 bxc3 27. Rxc3 Qb5 28. Nc4 Nd5 29. Rd3 Rfd8 30. Rc1 a6 31. h4 h6 32. Re1 Nb6 33. Re5 Rd5 34. Nxb6 Rc2+ 35. Kh3 Rxe5 36. Qd1 Ree2 37. d5 Qxb6 38. d6 f5 0-1

[Event "Catalunya-chT Gp1"]
[Site "Barcelona"]
[Date "2022.02.05"]
[Round "3.2"]
[White "Fluvia Poyatos, Joan"]
[Black "Ayats Llobera, Gerard"]
[Result "1/2-1/2"]
[WhiteElo "2465"]
[BlackElo "2451"]
[PlyCount "25"]
[EventDate "2022.01.22"]
[EventType "team-tourn"]
[EventRounds "9"]
[EventCountry "ESP"]
[SourceTitle "CBM 206 Extra"]
[Source "ChessBase"]
[SourceDate "2022.03.31"]
[SourceVersion "1"]
[SourceVersionDate "2022.03.31"]
[SourceQuality "1"]
[WhiteTeam "Badalona Cor de Marina"]
[BlackTeam "Barcelona Escacs CC"]
[WhiteTeamCountry "ESP"]
[BlackTeamCountry "ESP"]

1. Nf3 Nf6 2. d4 e6 3. g3 b5 4. Bg2 Bb7 5. 0-0 Be7 6. a4 a6 7. Na3 0-0 8. Bg5 b4 9. Nc4 a5 10. Re1 d5 11. Nce5 Nbd7 12. Nxd7 Nxd7 13. Bxe7 1/2-1/2

[Event "Catalunya-chT Gp2"]
[Site "Barcelona"]
[Date "2019.02.02"]
[Round "3.3"]
[White "Fluvia Poyatos, Joan"]
[Black "Alonso Bouza, Julio Javier"]
[Result "1-0"]
[WhiteElo "2475"]
[BlackElo "2398"]
[PlyCount "129"]
[EventDate "2019.01.19"]
[EventType "team-tourn"]
[EventRounds "7"]
[EventCountry "ESP"]
[SourceTitle "CBM 188 Extra"]
[Source "ChessBase"]
[SourceDate "2019.02.26"]
[SourceVersion "1"]
[SourceVersionDate "2019.02.26"]
[SourceQuality "1"]
[WhiteTeam "Sant Josep de Badalona"]
[BlackTeam "Cerdanyola Valles"]
[WhiteTeamCountry "ESP"]
[BlackTeamCountry "ESP"]

1. Nf3 Nf6 2. g3 g6 3. Bg2 Bg7 4. 0-0 0-0 5. d4 d6 6. a4 a5 7. Nbd2 Nc6 8. c3 e5 9. dxe5 dxe5 10. Qc2 h6 11. b3 e4 12. Nd4 Nxd4 13. cxd4 Qxd4 14. Bb2 Qb6 15. Nxe4 Nxe4 16. Bxe4 Bxb2 17. Qxb2 Bh3 18. Rfc1 Rad8 19. Qc3 Rfe8 20. Bf3 Be6 21. Rab1 c6 22. b4 axb4 23. Rxb4 Qa7 24. Rcb1 Qa5 25. Qc1 Bf5 26. e4 Bc8 27. Qxh6 c5 28. Rb5 Qxa4 29. Rxc5 Qa3 30. Qe3 Qxe3 31. fxe3 Rd3 32. Re1 Rb3 33. Kf2 b6 34. Rc7 Ba6 35. Rec1 Rb2+ 36. R1c2 Rxc2+ 37. Rxc2 Bd3 38. Rb2 Bxe4 39. Rxb6 Bxf3 40. Kxf3 Ra8 41. h4 Ra1 42. Rb2 Rf1+ 43. Rf2 Ra1 44. Kg2 Re1 45. Kf3 Ra1 46. Re2 Rf1+ 47. Kg2 Ra1 48. g4 Kg7 49. Rf2 Re1 50. Rf3 Ra1 51. Rh3 Re1 52. Kf2 Ra1 53. Kg2 Re1 54. h5 gxh5 55. gxh5 Ra1 56. Kf3 Rf1+ 57. Ke4 f5+ 58. Ke5 Kh6 59. Rh4 Rf3 60. Kd4 Kg5 61. h6 Kxh4 62. h7 Rh3 63. h8Q+ Kg4 64. Qg7+ Kf3 65. Qg5 1-0

[Event "Catalunya-chT Gp2"]
[Site "Barcelona"]
[Date "2019.01.19"]
[Round "1.3"]
[White "Fluvia Poyatos, Joan"]
[Black "Asis Gargatagli, Hipolito"]
[Result "1/2-1/2"]
[WhiteElo "2475"]
[BlackElo "2529"]
[PlyCount "71"]
[EventDate "2019.01.19"]
[EventType "team-tourn"]
[EventRounds "7"]
[EventCountry "ESP"]
[SourceTitle "CBM 188 Extra"]
[Source "ChessBase"]
[SourceDate "2019.02.26"]
[SourceVersion "1"]
[SourceVersionDate "2019.02.26"]
[SourceQuality "1"]
[WhiteTeam "Sant Josep de Badalona"]
[BlackTeam "Barcelona Escola Escacs"]
[WhiteTeamCountry "ESP"]
[BlackTeamCountry "ESP"]

1. c4 g6 2. d4 Nf6 3. Nf3 Bg7 4. e3 0-0 5. Be2 b6 6. Nc3 d5 7. cxd5 Nxd5 8. Nxd5 Qxd5 9. Nd2 Nc6 10. 0-0 Bb7 11. Bf3 Qd7 12. b4 e5 13. dxe5 Ba6 14. Nb3 Qxd1 15. Rxd1 Rad8 16. Bb2 Nxb4 17. Bc3 c5 18. a3 Nd3 19. Be2 c4 20. Bxd3 Rxd3 21. Rxd3 cxd3 22. f4 Rc8 23. Rc1 f6 24. exf6 Bxf6 25. Bd2 Bb2 26. Rxc8+ Bxc8 27. a4 a5 28. Kf2 Bd7 29. Nc1 Bxa4 30. Nxd3 Bf6 31. e4 Bc6 32. Ke3 h5 33. g3 Kf7 34. Ne5+ Bxe5 35. fxe5 Ke6 36. Kd4 1/2-1/2

[Event "Catalunya-chT GpA final"]
[Site "Barcelona"]
[Date "2018.03.10"]
[Round "1.1"]
[White "Vasquez Schroder, Rodrigo Rafael"]
[Black "Fluvia Poyatos, Joan"]
[Result "1/2-1/2"]
[WhiteElo "2527"]
[BlackElo "2493"]
[PlyCount "133"]
[EventDate "2018.03.10"]
[EventType "team-tourn"]
[EventRounds "4"]
[EventCountry "ESP"]
[SourceTitle "CBM 183 Extra"]
[Source "ChessBase"]
[SourceDate "2018.04.19"]
[SourceVersion "1"]
[SourceVersionDate "2018.04.19"]
[SourceQuality "1"]
[WhiteTeam "Colon Sabadell"]
[BlackTeam "Sant Josep de Badalona"]
[WhiteTeamCountry "ESP"]
[BlackTeamCountry "ESP"]

1. d4 Nf6 2. Nf3 e6 3. e3 d5 4. Bd3 Be7 5. 0-0 0-0 6. b3 a5 7. a3 b6 8. Ne5 Ba6 9. c4 Nfd7 10. Nf3 a4 11. Nc3 dxc4 12. bxc4 Bb7 13. Nxa4 Bxf3 14. gxf3 Bd6 15. f4 Qh4 16. Kh1 e5 17. Nc3 exf4 18. Nb5 Ra5 19. Qf3 fxe3 20. Nxd6 Rh5 21. Qg3 Qxd4 22. Be2 Qxa1 23. Bxh5 cxd6 24. Qxe3 Nc6 25. Bxf7+ Kxf7 26. Qf3+ Qf6 27. Qxc6 Ne5 28. Qe4 Qg6 29. Qe2 Rc8 30. Bf4 Qe6 31. Bxe5 dxe5 32. Re1 Rc5 33. Qe4 h6 34. Re3 Kg8 35. Rd3 Rxc4 36. Qd5 Qxd5+ 37. Rxd5 Rc5 38. Rd7 Kh7 39. Rd6 b5 40. Rb6 e4 41. Kg2 Rg5+ 42. Kf1 Rh5 43. Kg2 Rg5+ 44. Kf1 Re5 45. Kg2 Kg8 46. Rb7 Kf8 47. Kg3 Rf5 48. h4 h5 49. Ra7 Rf3+ 50. Kg2 Rf4 51. Kg3 Rg4+ 52. Kh3 Rf4 53. Kg3 Rf3+ 54. Kg2 g6 55. Rb7 Rb3 56. Ra7 Rb2 57. Kg3 Ra2 58. Ra5 Kf7 59. Rxb5 Rxa3+ 60. Kg2 Kf6 61. Rb6+ Kf5 62. Rb5+ Kf4 63. Rb6 g5 64. Rf6+ Kg4 65. hxg5 Kxg5 66. Re6 Ra4 67. Re8 1/2-1/2

[Event "Catalunya-chT Gp2"]
[Site "Barcelona"]
[Date "2018.02.24"]
[Round "6.1"]
[White "Fluvia Poyatos, Joan"]
[Black "Movsziszian, Karen"]
[Result "1/2-1/2"]
[WhiteElo "2493"]
[BlackElo "2540"]
[PlyCount "126"]
[EventDate "2018.01.20"]
[EventType "team-tourn"]
[EventRounds "7"]
[EventCountry "ESP"]
[SourceTitle "EXT 2019"]
[Source "ChessBase"]
[SourceDate "2018.10.10"]
[SourceVersion "1"]
[SourceVersionDate "2018.10.10"]
[SourceQuality "1"]
[WhiteTeam "Sant Josep de Badalona"]
[BlackTeam "Sant Andreu"]
[WhiteTeamCountry "ESP"]
[BlackTeamCountry "ESP"]

1. b3 e5 2. Bb2 d6 3. e3 g6 4. d4 Nd7 5. dxe5 dxe5 6. Nf3 Bg7 7. Nbd2 Ne7 8. Ne4 0-0 9. Qd2 Nc6 10. Bb5 Ndb8 11. 0-0-0 Qe7 12. Kb1 a6 13. Be2 Nd7 14. h4 Nf6 15. Nxf6+ Bxf6 16. h5 Rd8 17. Qc3 Rxd1+ 18. Bxd1 Bg4 19. hxg6 hxg6 20. Nd2 Bxd1 21. Rxd1 Rd8 22. Rg1 Bg7 23. Ne4 Rd5 24. a3 Na7 25. Qc4 c6 26. g4 Nb5 27. Qb4 Nd6 28. c4 a5 29. Qe1 Nxe4 30. cxd5 cxd5 31. Qxa5 d4 32. f3 Ng5 33. Qd5 dxe3 34. Re1 Qf6 35. Rxe3 Qf4 36. Rd3 e4 37. Bc1 Qh2 38. Rd2 Qh4 39. Qd8+ Bf8 40. f4 e3 41. Rc2 e2 42. Rxe2 Qxg4 43. Qd3 Ne6 44. Rf2 Nc5 45. Qc2 Qg3 46. f5 Ne4 47. Qxe4 Qxf2 48. fxg6 fxg6 49. Qxb7 Qf5+ 50. Ka2 Bg7 51. Qg2 Bf6 52. Bb2 Bxb2 53. Qxb2 g5 54. b4 g4 55. b5 g3 56. Qb3+ Qf7 57. Qxf7+ Kxf7 58. b6 g2 59. b7 g1Q 60. b8Q Qf2+ 61. Kb3 Qe3+ 62. Kb4 Qe1+ 63. Ka4 Qe8+ 1/2-1/2

[Event "Catalunya-chT Gp2"]
[Site "Barcelona"]
[Date "2018.02.03"]
[Round "3.1"]
[White "Asis Gargatagli, Hipolito"]
[Black "Fluvia Poyatos, Joan"]
[Result "1-0"]
[WhiteElo "2529"]
[BlackElo "2493"]
[PlyCount "77"]
[EventDate "2018.01.20"]
[EventType "team-tourn"]
[EventRounds "7"]
[EventCountry "ESP"]
[SourceTitle "CBM 182 Extra"]
[Source "ChessBase"]
[SourceDate "2018.02.23"]
[SourceVersion "1"]
[SourceVersionDate "2018.02.23"]
[SourceQuality "1"]
[WhiteTeam "St Cugat"]
[BlackTeam "Sant Josep de Badalona"]
[WhiteTeamCountry "ESP"]
[BlackTeamCountry "ESP"]

1. e4 c5 2. Nc3 Nc6 3. Bb5 e5 4. Nge2 Bd6 5. a3 Nge7 6. Bc4 a6 7. 0-0 b5 8. Ba2 0-0 9. d3 Nd4 10. f4 Nxe2+ 11. Qxe2 exf4 12. e5 Bc7 13. Bxf4 Bb7 14. Ne4 Bxe4 15. Qxe4 Ng6 16. Bg3 Rb8 17. Rf5 Rb6 18. Raf1 Nh8 19. b4 cxb4 20. axb4 Rh6 21. d4 Qe7 22. c3 a5 23. Qb7 Rc6 24. d5 Rb8 25. dxc6 Rxb7 26. cxb7 axb4 27. cxb4 d6 28. exd6 Bb6+ 29. Kh1 Qxb7 30. Rxb5 Qc6 31. Rbf5 Qd7 32. Bc4 g6 33. R5f3 Bd4 34. b5 Kg7 35. Rd3 Bf6 36. Rdd1 Bd8 37. b6 f6 38. Rb1 Qb7 39. Bd5 1-0

[Event "Catalunya-chT Gp2"]
[Site "Barcelona"]
[Date "2017.02.25"]
[Round "6.1"]
[White "Fluvia Poyatos, Joan"]
[Black "Rakhmanov, Alexander"]
[Result "0-1"]
[WhiteElo "2498"]
[BlackElo "2670"]
[PlyCount "98"]
[EventDate "2017.01.21"]
[EventType "team-tourn"]
[EventRounds "7"]
[EventCountry "ESP"]
[SourceTitle "EXT 2018"]
[Source "ChessBase"]
[SourceDate "2017.10.13"]
[SourceVersion "1"]
[SourceVersionDate "2017.10.13"]
[SourceQuality "1"]
[WhiteTeam "Sant Josep de Badalona"]
[BlackTeam "Barcelona Escola Escacs"]
[WhiteTeamCountry "ESP"]
[BlackTeamCountry "ESP"]

1. Nf3 Nf6 2. g3 g6 3. Bg2 Bg7 4. 0-0 0-0 5. c4 c6 6. Nc3 d5 7. cxd5 cxd5 8. d4 e6 9. e3 Bd7 10. b4 Ne4 11. Nxe4 dxe4 12. Nd2 f5 13. Qb3 Qe8 14. Ba3 Ba4 15. Qb2 Bb5 16. Rfc1 Na6 17. Nb1 Rf7 18. Nc3 Bd3 19. b5 Nc7 20. Bf1 Bxf1 21. Rxf1 g5 22. Bd6 Nd5 23. Nxd5 exd5 24. Rac1 Qe6 25. Be5 Bxe5 26. dxe5 Re8 27. Rfd1 f4 28. Qd4 Qh3 29. e6 Rg7 30. Kh1 f3 31. Rg1 Qxe6 32. Rc5 Rd8 33. g4 Re7 34. a4 Kf7 35. a5 Qf6 36. Rd1 Qxd4 37. Rxd4 Ke6 38. h3 h5 39. gxh5 Rh7 40. Kh2 Rxh5 41. Kg3 Rdh8 42. Rcxd5 Rxh3+ 43. Kg4 R8h4+ 44. Kxg5 Rh5+ 45. Kg4 R3h4+ 46. Kg3 Rxd5 47. Rxd5 Kxd5 48. Kxh4 Kc5 49. a6 bxa6 0-1

[Event "Catalunya-chT Gp2 final"]
[Site "Barcelona"]
[Date "2016.03.12"]
[Round "1.1"]
[White "Moreno Martin, Daniel"]
[Black "Fluvia Poyatos, Joan"]
[Result "0-1"]
[WhiteElo "2197"]
[BlackElo "2507"]
[PlyCount "80"]
[EventDate "2016.03.12"]
[EventType "team-tourn"]
[EventRounds "4"]
[EventCountry "ESP"]
[SourceTitle "CBM 171 Extra"]
[Source "ChessBase"]
[SourceDate "2016.04.26"]
[SourceVersion "1"]
[SourceVersionDate "2016.04.26"]
[SourceQuality "1"]
[WhiteTeam "Sant Boi"]
[BlackTeam "Sant Josep de Badalona"]
[WhiteTeamCountry "ESP"]
[BlackTeamCountry "ESP"]

1. e4 c5 2. Nf3 d6 3. d4 cxd4 4. Nxd4 Nf6 5. Nc3 a6 6. Be2 e6 7. 0-0 Be7 8. Be3 0-0 9. f4 Qc7 10. Kh1 Nc6 11. Qe1 Re8 12. Qg3 d5 13. exd5 exd5 14. Nxc6 bxc6 15. Bd4 Bf5 16. Bd3 Nh5 17. Qf3 Bxd3 18. cxd3 Bf6 19. Bxf6 Nxf6 20. Rac1 Qa5 21. a3 Rab8 22. Rc2 Qb6 23. h3 Re3 24. Qf2 d4 25. Na4 Qb5 26. Rc4 Qd5 27. Rc5 Qd7 28. Re5 Rxd3 29. Nc5 Rxh3+ 30. gxh3 Qxh3+ 31. Kg1 Ng4 32. Qe2 Qg3+ 33. Kh1 Nxe5 34. fxe5 Re8 35. e6 fxe6 36. Nd7 Qh3+ 37. Kg1 d3 38. Qf2 Qg4+ 39. Kh1 Qh5+ 40. Kg2 Qd5+ 0-1

[Event "Catalunya-chT Gp1"]
[Site "Barcelona"]
[Date "2015.02.14"]
[Round "4.1"]
[White "Lillo Castany, Victor"]
[Black "Fluvia Poyatos, Joan"]
[Result "0-1"]
[WhiteElo "2340"]
[BlackElo "2512"]
[PlyCount "110"]
[EventDate "2015.01.24"]
[EventType "team-tourn"]
[EventRounds "7"]
[EventCountry "ESP"]
[SourceTitle "CBM 164 Extra"]
[Source "ChessBase"]
[SourceDate "2015.03.02"]
[SourceVersion "1"]
[SourceVersionDate "2015.03.02"]
[SourceQuality "1"]
[WhiteTeam "Figueres"]
[BlackTeam "Sant Josep de Badalona"]
[WhiteTeamCountry "ESP"]
[BlackTeamCountry "ESP"]

1. e4 c5 2. Nf3 d6 3. c3 Nf6 4. Be2 Nc6 5. d4 cxd4 6. cxd4 Nxe4 7. d5 Qa5+ 8. Nc3 Nxc3 9. bxc3 Nd8 10. 0-0 e5 11. dxe6 Nxe6 12. Rb1 a6 13. Nd4 Be7 14. Nxe6 fxe6 15. Bh5+ g6 16. Bf3 0-0 17. Bh6 Rf7 18. Bxb7 Bxb7 19. Rxb7 Qxa2 20. Qd4 e5 21. Qb6 Qe6 22. Ra1 Qf6 23. Be3 d5 24. Qxf6 Bxf6 25. Rb6 a5 26. Rd6 d4 27. cxd4 a4 28. Kf1 a3 29. Ra2 Ra4 30. d5 e4 31. Bc1 Bd4 32. Re6 Bc5 33. Rc6 Ra5 34. Re6 Re7 35. Rxe7 Bxe7 36. Ke2 Kf7 37. Kd1 Rxd5+ 38. Kc2 Rc5+ 39. Kb1 Rc3 40. Re2 Bc5 41. Bh6 Rc4 42. Ka2 Kf6 43. Be3 Bd6 44. Kb1 Kf5 45. Bc1 h5 46. h3 Rc3 47. Be3 g5 48. Ka2 Bb4 49. Kb1 g4 50. h4 Ke5 51. g3 Kd5 52. Ka2 Kc4 53. Bg5 Kb5 54. Rxe4 Rc2+ 55. Kb1 a2+ 0-1

[Event "Catalunya-chT"]
[Site "Catalunya"]
[Date "2014.04.05"]
[Round "11.4"]
[White "Vidarte Morales, Arturo"]
[Black "Fluvia Poyatos, Joan"]
[Result "1/2-1/2"]
[WhiteElo "2320"]
[BlackElo "2512"]
[PlyCount "241"]
[EventDate "2014.01.25"]
[EventType "team"]
[EventRounds "11"]
[EventCountry "ESP"]
[SourceTitle "EXT 2015"]
[Source "ChessBase"]
[SourceDate "2014.11.20"]
[SourceVersion "1"]
[SourceVersionDate "2014.11.20"]
[SourceQuality "1"]
[WhiteTeam "Montcada"]
[BlackTeam "Badalona Sant Josep"]
[WhiteTeamCountry "ESP"]
[BlackTeamCountry "ESP"]

1. c4 Nf6 2. Nc3 e5 3. g3 Bc5 4. Nf3 d6 5. Bg2 0-0 6. 0-0 h6 7. d3 a6 8. a3 Nc6 9. b4 Ba7 10. Bb2 Re8 11. e3 Bg4 12. h3 Bh5 13. Qc2 Qd7 14. Nd2 Nd8 15. Kh2 c6 16. Nde4 Nxe4 17. Nxe4 f5 18. Nc3 Ne6 19. Rae1 f4 20. g4 Bg6 21. Ne4 Ng5 22. exf4 exf4 23. Nxg5 hxg5 24. Be4 Bxe4 25. dxe4 Qe6 26. Qd3 b5 27. cxb5 axb5 28. Qc3 Re7 29. Qxc6 Rc8 30. Qxb5 Rc2 31. Re2 Rxe2 32. Qxe2 Qxe4 33. Qxe4 Rxe4 34. Kg2 Re2 35. Bc1 Ra2 36. h4 gxh4 37. Bxf4 d5 38. Bg5 h3+ 39. Kxh3 Bxf2 40. Rd1 Rxa3+ 41. Kg2 Bb6 42. Rxd5 Rb3 43. Rb5 Bc7 44. Bh4 Bd6 45. Be1 Kf7 46. Rb6 Be5 47. g5 g6 48. Rc6 Rb1 49. Kf2 Rb3 50. Bd2 Bg3+ 51. Ke2 Bh4 52. Rf6+ Kg7 53. Rf3 Rb1 54. Rh3 Bxg5 55. Bxg5 Rxb4 56. Bd2 Ra4 57. Bc3+ Kf7 58. Kd3 g5 59. Rh6 Rf4 60. Bd4 g4 61. Ke3 Rf1 62. Ke2 Rf4 63. Be3 Ra4 64. Kf2 Ra3 65. Rb6 g3+ 66. Kf3 g2 67. Rb1 Ke6 68. Rg1 Ra2 69. Bf2 Ra3+ 70. Kxg2 Kf5 71. Rd1 Ke4 72. Rd4+ Ke5 73. Rb4 Kd5 74. Bb6 Rc3 75. Kf2 Rc4 76. Rb1 Ke4 77. Rb2 Ra4 78. Ke2 Rc4 79. Be3 Ra4 80. Rb8 Ra2+ 81. Bd2 Ke5 82. Rh8 Ra3 83. Rh4 Kd5 84. Be3 Rb3 85. Kf3 Rb5 86. Rd4+ Ke5 87. Rd3 Rb4 88. Ra3 Rb5 89. Ra4 Rd5 90. Rh4 Kf5 91. Rh6 Re5 92. Rh8 Rd5 93. Rf8+ Ke6 94. Ke4 Re5+ 95. Kf4 Rh5 96. Ra8 Rh4+ 97. Kf3 Rb4 98. Ra6+ Kf5 99. Ra5+ Ke6 100. Bf4 Rb3+ 101. Kg4 Rb4 102. Re5+ Kf6 103. Rd5 Re4 104. Rh5 Ke6 105. Rc5 Rd4 106. Re5+ Kd6 107. Re1+ Kd5 108. Kf5 Kc4 109. Be5 Rh4 110. Rd1 Rh5+ 111. Ke4 Rh4+ 112. Bf4 Kc5 113. Rc1+ Kb4 114. Ke5 Rh5+ 115. Kd4 Rh4 116. Rf1 Rg4 117. Rf3 Rh4 118. Kd5 Rh5+ 119. Be5 Rg5 120. Rh3 Rf5 121. Kd4 1/2-1/2

[Event "Catalunya-chT"]
[Site "Catalunya"]
[Date "2014.03.15"]
[Round "8.2"]
[White "Fluvia Poyatos, Joan"]
[Black "Cuadras Avellana, Jordi"]
[Result "0-1"]
[WhiteElo "2512"]
[BlackElo "2327"]
[PlyCount "94"]
[EventDate "2014.01.25"]
[EventType "team"]
[EventRounds "11"]
[EventCountry "ESP"]
[SourceTitle "EXT 2015"]
[Source "ChessBase"]
[SourceDate "2014.11.20"]
[SourceVersion "1"]
[SourceVersionDate "2014.11.20"]
[SourceQuality "1"]
[WhiteTeam "Badalona Sant Josep"]
[BlackTeam "Figueres"]
[WhiteTeamCountry "ESP"]
[BlackTeamCountry "ESP"]

1. e4 c5 2. Nf3 e6 3. d4 cxd4 4. Nxd4 a6 5. Bd3 Qc7 6. c4 Nf6 7. 0-0 Be7 8. Be3 d6 9. Nc3 Nbd7 10. Rc1 b6 11. f4 Nc5 12. Bb1 Bb7 13. Qf3 Rc8 14. b4 Ncd7 15. Qg3 Qb8 16. Bd3 h5 17. Kh1 Qa8 18. Bg1 h4 19. Qe3 h3 20. Rf3 hxg2+ 21. Kxg2 g5 22. fxg5 Ng4 23. Qf4 Nge5 24. Rff1 Nf8 25. Be2 Nfg6 26. Qe3 Nxc4 27. Bxc4 Rxc4 28. Bf2 e5 29. Nde2 Bxe4+ 30. Kg1 Bh1 31. Qg3 Rch4 32. Bxb6 Rxh2 33. Rf2 R2h5 34. Be3 Rh3 35. Qg4 Rxe3 36. Nd1 Bb7 37. Kf1 Rh1+ 38. Ng1 Re4 39. Qf5 Rf4 40. Rxf4 Nxf4 41. Ne3 Qa7 42. Rc7 Rxg1+ 43. Kf2 Nd3+ 44. Qxd3 Rg2+ 45. Kf1 Rxg5 46. Kf2 Qb6 47. Qc3 d5 0-1

[Event "Catalunya-chT"]
[Site "Catalunya"]
[Date "2014.03.01"]
[Round "6.1"]
[White "Munoz Pantoja, Miguel Angel"]
[Black "Fluvia Poyatos, Joan"]
[Result "1/2-1/2"]
[WhiteElo "2462"]
[BlackElo "2512"]
[PlyCount "103"]
[EventDate "2014.01.25"]
[EventType "team"]
[EventRounds "11"]
[EventCountry "ESP"]
[SourceTitle "EXT 2015"]
[Source "ChessBase"]
[SourceDate "2014.11.20"]
[SourceVersion "1"]
[SourceVersionDate "2014.11.20"]
[SourceQuality "1"]
[WhiteTeam "Cerdanyola Valles"]
[BlackTeam "Badalona Sant Josep"]
[WhiteTeamCountry "ESP"]
[BlackTeamCountry "ESP"]

1. e4 c5 2. Nf3 d6 3. Bb5+ Nd7 4. 0-0 a6 5. Bxd7+ Bxd7 6. d4 cxd4 7. Qxd4 Rc8 8. c4 e5 9. Qd3 Qc7 10. Na3 h6 11. b3 Nf6 12. Bb2 b6 13. Ne1 Qb7 14. f3 b5 15. Nec2 Be7 16. Ne3 0-0 17. Kh1 Rc7 18. Rad1 Rb8 19. f4 Bc6 20. Nd5 Bxd5 21. exd5 e4 22. Qd4 Bd8 23. Qe3 Ng4 24. Qg3 f5 25. Bd4 Bf6 26. Bxf6 Nxf6 27. Qg6 Qc8 28. Nc2 bxc4 29. bxc4 Qe8 30. Qxf5 Rxc4 31. Ne3 Rc3 32. Ng4 Nxg4 33. Qxg4 Qf7 34. f5 Re8 35. f6 e3 36. Rde1 Rc2 37. Qa4 Rd2 38. fxg7 Qg6 39. Qxe8+ Qxe8 40. Rf8+ Qxf8 41. gxf8Q+ Kxf8 42. Kg1 e2 43. a4 Kf7 44. Kf2 Kf6 45. Rxe2 Rxd5 46. Re4 Rd2+ 47. Kf3 a5 48. Rh4 Kg5 49. Rg4+ Kf5 50. Rf4+ Kg6 51. Rg4+ Kf5 52. Rf4+ 1/2-1/2

[Event "Catalunya-chT"]
[Site "Catalunya"]
[Date "2014.02.08"]
[Round "3.3"]
[White "Fluvia Poyatos, Joan"]
[Black "Cruz Estrada, Filemon"]
[Result "1-0"]
[WhiteElo "2512"]
[BlackElo "2412"]
[PlyCount "65"]
[EventDate "2014.01.25"]
[EventType "team"]
[EventRounds "11"]
[EventCountry "ESP"]
[SourceTitle "CBM 158 Extra"]
[Source "ChessBase"]
[SourceDate "2014.02.28"]
[SourceVersion "1"]
[SourceVersionDate "2014.02.28"]
[SourceQuality "1"]
[WhiteTeam "Badalona Sant Josep"]
[BlackTeam "Tres Peons"]
[WhiteTeamCountry "ESP"]
[BlackTeamCountry "ESP"]

1. e4 c5 2. Nf3 e6 3. d4 cxd4 4. Nxd4 a6 5. Bd3 Nf6 6. 0-0 Qc7 7. Kh1 Bc5 8. Nb3 Ba7 9. f4 h5 10. e5 Ng4 11. Nc3 d5 12. exd6 Qxd6 13. Ne4 Qc7 14. c4 Nd7 15. Bd2 Ndf6 16. c5 Nxe4 17. Bxe4 Bd7 18. Ba5 Qc8 19. Qd4 Nf6 20. Rae1 0-0 21. Bb1 Bc6 22. Re5 Qd7 23. Qc3 Rac8 24. Rg5 Qe7 25. Qg3 Ne8 26. Re1 Qd7 27. Bc3 f6 28. Rxh5 f5 29. Rg5 Bd5 30. Nd4 Rc7 31. b4 b6 32. c6 Qf7 33. Nxf5 1-0

[Event "Badalona op-A 39th"]
[Site "Badalona"]
[Date "2013.08.09"]
[Round "8"]
[White "Dvirnyy, Danyyil"]
[Black "Fluvia Poyatos, Joan"]
[Result "1/2-1/2"]
[WhiteElo "2549"]
[BlackElo "2491"]
[PlyCount "85"]
[EventDate "2013.08.02"]
[EventType "swiss"]
[EventRounds "9"]
[EventCountry "ESP"]
[SourceTitle "CBM 155 Extra"]
[Source "ChessBase"]
[SourceDate "2013.08.26"]
[SourceVersion "1"]
[SourceVersionDate "2013.08.26"]
[SourceQuality "1"]

1. Nf3 Nf6 2. c4 e6 3. g3 d5 4. Bg2 Be7 5. 0-0 0-0 6. b3 b6 7. Bb2 Bb7 8. e3 dxc4 9. bxc4 c5 10. Qe2 Nc6 11. Nc3 Rc8 12. Rfd1 Qc7 13. Rab1 Rfd8 14. Ba1 Qb8 15. Ne1 Nb4 16. Bxb7 Qxb7 17. a3 Nc6 18. d3 Ne8 19. f4 Bf6 20. g4 g6 21. g5 Bg7 22. Ne4 Bxa1 23. Rxa1 e5 24. Qf3 exf4 25. Qxf4 Qc7 26. Qxc7 Rxc7 27. Kf2 Ne5 28. Ke2 Rcd7 29. a4 Kg7 30. a5 h6 31. Rab1 hxg5 32. Nxg5 Nd6 33. Ngf3 Nxf3 34. Nxf3 Rb7 35. Rdc1 Rdb8 36. axb6 axb6 37. Ra1 Re8 38. Kf2 b5 39. cxb5 Rxb5 40. Rcb1 Rxb1 41. Rxb1 c4 42. dxc4 Nxc4 43. Rb3 1/2-1/2

[Event "Badalona op-A 39th"]
[Site "Badalona"]
[Date "2013.08.06"]
[Round "5"]
[White "Fluvia Poyatos, Joan"]
[Black "Panelo Munoz, Marcelo A"]
[Result "1-0"]
[WhiteElo "2491"]
[BlackElo "2438"]
[PlyCount "69"]
[EventDate "2013.08.02"]
[EventType "swiss"]
[EventRounds "9"]
[EventCountry "ESP"]
[SourceTitle "CBM 155 Extra"]
[Source "ChessBase"]
[SourceDate "2013.08.26"]
[SourceVersion "1"]
[SourceVersionDate "2013.08.26"]
[SourceQuality "1"]

1. e4 e5 2. Nf3 Nc6 3. Bb5 a6 4. Ba4 Nf6 5. 0-0 Be7 6. Re1 b5 7. Bb3 d6 8. c3 0-0 9. h3 Na5 10. Bc2 d5 11. d3 dxe4 12. dxe4 Qxd1 13. Rxd1 Bb7 14. Nbd2 Rfd8 15. Re1 Bd6 16. b4 Nc6 17. a4 Nd7 18. Nf1 Nb6 19. Ne3 Ne7 20. a5 Nd7 21. Ba3 c5 22. Red1 cxb4 23. Bxb4 Bxb4 24. cxb4 Nf6 25. Nxe5 Bxe4 26. Bb3 Bg6 27. f4 h5 28. g4 hxg4 29. hxg4 Be4 30. Nxf7 Rxd1+ 31. Rxd1 Kh7 32. Ng5+ Kh8 33. Rd2 g6 34. Rh2+ Kg7 35. Ne6+ 1-0